History Quiz

Random History or Politics Quiz

Parent Departments Quiz Stats

 Plays Quiz Updated Apr 1, 2020

Support Sporcle.
Go Orange.
Score 0/25 Timer 06:00
0 Plays Today
Agency Department % Correct
National Park Service (NPS)???
75.3%
Internal Revenue Service (IRS)???
75.2%
Federal Bureau of Investigations (FBI)???
65.9%
Bureau of Engraving and Printing???
64.8%
Drug Enforcement Agency (DEA)???
62.5%
US Geological Survey (USGS)???
61.9%
Patent and Trademark Office???
61.3%
Financial Management Service (FMS)???
58.6%
United States Marshals Service???
53.8%
Bureau of Alcohol Tobacco Firearms and Explosives (ATF)???
52.7%
Federal Emergency Management Agency (FEMA)???
50%
National Institute of Standards & Technology (NIST)???
48.7%
Federal Aviation Administration (FAA)???
47%
Agency Department % Correct
US Citizenship and Immigration Services???
45.8%
Occupational Safety & Health Administration (OSHA)???
45.4%
National Nuclear Security Administration (NNSA)???
41.2%
National Security Agency (NSA)???
35.1%
Census Bureau???
32.5%
Coast Guard???
31.5%
Bureau of International Security and Nonproliferation (ISN)???
30.9%
National Oceanic & Atmospheric Administration (NOAA)???
29.3%
National Weather Service???
27%
Government National Mortgage Association???
26.2%
US Secret Service???
26.2%
Forest Service???
16.7%

From the Vault

Multi-Category Minefield Blitz: The Beatles

by Thebiguglyalien

Music 60s
This quiz includes neither beetles nor mines, but it may include yellow submarines and a little Help!
Remove Ads.
Support Sporcle.
Get the best of Sporcle when you Go Orange. This ad-free experience offers more features, more stats, and more fun while also helping to support Sporcle. Thank you for becoming a member.

Show Comments

Extras

Top Quizzes Today


Score Distribution

Your Account Isn't Verified!

In order to create a playlist on Sporcle, you need to verify the email address you used during registration. Go to your Sporcle Settings to finish the process.

Report this User

Report this user for behavior that violates our Community Guidelines.

Details: